| Поле | Инд. | ПП | Название | Значение |
|---|---|---|---|---|
| Тип записи | a | |||
| Библиографический уровень | m | |||
| 001 | Контрольный номер | UNIDUBNAabcac52393be4b56bf4cb60ae5ca0176 | ||
| 005 | Дата корректировки | 20260416122437.7 | ||
| 020 | a | ISBN | 9785534168518 | |
| 040 | b | Код языка каталог. | rus | |
| 041 | 0_ | a | Код языка текста | rus |
| 084 | a | Индекс другой классификации/Индекс ББК | 67.91я73 | |
| 100 | 1_ | a | Автор | Каламкарян Р. А. |
| q | Полное имя | Каламкарян Рубен Амаякович | ||
| 100 | 1_ | a | Автор | Мигачев Ю. И. |
| q | Полное имя | Мигачев Юрий Иванович | ||
| 245 | 10 | a | Заглавие | Международное право |
| b | Продолж. заглавия | учебник для вузов | ||
| c | Ответственность | рецензенты А. Н. Валегжанин, Н. И. Костенко | ||
| 250 | a | Основные сведения об издании | 5-е изд., перераб. и доп. | |
| 260 | a | Место издания | Москва | |
| b | Издательство | Юрайт | ||
| c | Дата издания | 2025 | ||
| 300 | a | Объем | 541 с. | |
| 336 | a | Термин вида содержания | Текст | |
| 337 | a | Термин типа средства | электронный | |
| 440 | _0 | a | Серия | Высшее образование |
| 504 | a | Библиография | Норм. прав. акты: с. 532. - Библиогр.: с. 539 | |
| 521 | 0_ | a | Примеч. о целев. назн. | бакалавриат |
| 650 | 04 | a | Основная рубрика | международное право |
| a | Основная рубрика | международное публичное право | ||
| a | Основная рубрика | право | ||
| 653 | 0_ | a | Ключевые слова | господство права |
| a | Ключевые слова | государственная граница | ||
| a | Ключевые слова | государственные территории | ||
| a | Ключевые слова | демилитаризация территории | ||
| a | Ключевые слова | дипломатические представительства | ||
| a | Ключевые слова | дипломатическое право | ||
| a | Ключевые слова | кодификация | ||
| a | Ключевые слова | коллективная безопасность | ||
| a | Ключевые слова | консульские учреждения | ||
| a | Ключевые слова | консульское право | ||
| a | Ключевые слова | международная безопасность | ||
| a | Ключевые слова | международная правосубъектность | ||
| a | Ключевые слова | международное воздушное право | ||
| a | Ключевые слова | международное гуманитарное право | ||
| a | Ключевые слова | международное космическое право | ||
| a | Ключевые слова | международное морское право | ||
| a | Ключевые слова | Международное право окружающей среды (МПОС) | ||
| a | Ключевые слова | международное уголовное право | ||
| a | Ключевые слова | международное экономическое право | ||
| a | Ключевые слова | международно-правовая защита | ||
| a | Ключевые слова | международно-правовые санкции | ||
| a | Ключевые слова | международные договоры | ||
| a | Ключевые слова | международные договоры | ||
| a | Ключевые слова | международные организации | ||
| a | Ключевые слова | международные отношения | ||
| a | Ключевые слова | международные правоотношения | ||
| a | Ключевые слова | международные споры | ||
| a | Ключевые слова | меры доверия | ||
| a | Ключевые слова | нейтралитет | ||
| a | Ключевые слова | нормы международного права | ||
| a | Ключевые слова | права человека | ||
| a | Ключевые слова | правовой режим | ||
| a | Ключевые слова | принципы международного права | ||
| a | Ключевые слова | разоружение | ||
| a | Ключевые слова | разрешение международных споров | ||
| a | Ключевые слова | специальные миссии | ||
| a | Ключевые слова | территории | ||
| a | Ключевые слова | юридические акты | ||
| a | Ключевые слова | юридические факты | ||
| 655 | a | Жанр/ форма (устаревшее) | учебное пособие | |
| 700 | 12 | a | Автор | Валегжанин А. Н. |
| e | Роль лиц | рецензент | ||
| 700 | 12 | a | Автор | Костенко Н. И. |
| e | Роль лиц | рецензент | ||
| 787 | 18 | w | Контрольный номер связываемой записи | DU/570023169 |
| 856 | 40 | a | Имя сервера/домена | ЭБС ЮРАЙТ |
| d | Путь | https://urait.ru | ||
| i | Указания/сценарий входа | Доступ по логину и паролю | ||
| u | URL | https://urait.ru/viewer/mezhdunarodnoe-pravo-559951#page/1 | ||
| v | Время доступа к ресурсу | 25.03.2027 | ||
| y | Справочный текст | Электронная версия | ||
| 900 | x | Справочная информация | Полный текст | |
| 900 | a | Имя электронного ресурса | obl_Kalamkaryan_Mejdunar | |
| x | Справочная информация | Обложка | ||
| 901 | t | Тип документа | 0 | |
| 952 | a | Тип литературы для КСУ ВШ | УИ |